000 00596nam a22002177a 4500
003 UA-OsUOA
001 34461
007 ta
008 20051007b un ||||| |||| 00| 0 ukr d
090 _a94(576)
_bИ90
942 _cBK
040 _aUA-OsUOA
_brus
_cUA-OsUOA
_dUA-OsUOA
245 _aИстория стран Азии и Африки в новейшие время
_b2 часть
300 _a414 с.
955 _a2
041 _arus
080 _a94(576)
260 _aМ.
_bМГУ
_c1979
650 7 _a9 Географія. Біографії. Історія
_2UDC
999 _c320890
_d320890